1997 1623 1326 1530 1048 1706 1551 1995 1109 1286 1266 1880 1539 1775 1664 1530 1279 1353 1801 1404 1744 1582 1277 1368 1300 1328 1320 1085 1934 1287 1592 1257 1970 1478 1492 1620 1993 1532 1779 1656 1556 1645 1191 1736 1590 1722 1841 1053 1589 1582 1413 1318 1404 1676 1751 1261 1315 1182 1636 1631 1941 1407 1331 1591 1992 1000 1374 1812 1168 1962 1819 1225 1127 1639 1324 1989 1622 1046 1856 1872 1811 1253 1190 1964 1551 1276 1146 1503 1909 1037 1411 1498 1422 1986 1181 1125 1729 1177 1442 BCNSPRNW ULIB Ver.6.0+V

เปลี่ยนเป็นภาษาไทย

Change to English
 แสดงรายละเอียดบรรณานุกรม
  กลับหน้าหลัก

Brief Record : Get Marc (ISO 2709) : E-mail record : QR code < ปิดหน้าต่าง
LEADER : 00000nam 2200000uu 4500
001    13399124226
003     ULIB
008    150204s2557||||th 000 0 tha d
020    ^a9786169218708
060    ^aWQ210^bก451
110    ^aสมาคมเวชศาสตร์ปริกำเนิดแห่งประเทศไทย
245    ^aการดูแลปริกำเนิดอย่างมีคุณภาพ =^bQuality in perinatla care/^cเพิ่มศักดิ์ สุเมฆศรี, บรรณาธิการ
246 0  ^aQuality in perinatla care
250    ^aพิมพ์ครั้งที่ 1
260    ^aกรุงเทพฯ :^bสมาคมเวชศาสตร์ปริกำเนิดแห่งประเทศไทย,^c2557
300    ^a182 หน้า
650    ^aปริทารกวิทยา
650    ^aทารกแรกเกิด
650    ^aสตรีมีครรภ์^xการดูแล
650    ^aภาวะแทรกซ้อนในระยะตั้งครรภ์
700 0  ^aเพิ่มศักดิ์ สุเมฆศรี,^eบรรณาธิการ
945    ^p400^l0^i22821
945    ^p400^l0^i22822
999    ^aทศพร เกษรทอง
รายการนี้ยังไม่มีแท็ก
คุณยังไม่ได้ล็อกอิน คุณสามารถมีกิจกรรมร่วมกับเว็บไซต์ได้ แต่ต้องล็อกอินก่อน ::
  ล็อกอิน

รายการสื่อสารสนเทศ

ลำดับที่ ประเภท เลขเรียก/บาร์โค้ด สถานที่ สถานะ
1. วิทยาศาสตร์การแพทย์ และสุขภาพ
วิทยาศาสตร์การแพทย์ และสุขภาพ
สถานะ=หนังสือเก่า
WQ210 ก451 ฉ.1 
  Barcode: 22821
ห้องสมุดวิทยาเขตนครสวรรค์
►ส่วนจัดเก็บหนังสือเก่า นว.
บนชั้น
  ขอยืม
2. วิทยาศาสตร์การแพทย์ และสุขภาพ
วิทยาศาสตร์การแพทย์ และสุขภาพ
สถานะ=หนังสือเก่า
WQ210 ก451 ฉ.2 
  Barcode: 22822
ห้องสมุดวิทยาเขตนครสวรรค์
►ส่วนจัดเก็บหนังสือเก่า นว.
บนชั้น
  ขอยืม

รายการใกล้เคียง
    หัวเรื่อง [ปริทารกวิทยา]
    หัวเรื่อง [ทารกแรกเกิด]
    หัวเรื่อง [ภาวะแทรกซ้อนในระยะตั้งครรภ์]

BibComment


ยังไม่เคยถูกคอมเมนท์

คอมเมนท์ทรัพยากรรายการนี้
  คอมเมนท์: การดูแลปริกำเนิด..


 Copyright 2026. Bcnsprnw @Library